Catálogo de la Biblioteca Horacio González - Universidad Nacional de General Sarmiento

Leyenda gitana (Registro nro. 17693)

Detalles MARC
000 -CABECERA
campo de control de longitud fija 00987nam a22002650a 4500
001 - NÚMERO DE CONTROL
campo de control PT18578
003 - IDENTIFICADOR DEL NÚMERO DE CONTROL
campo de control AR-LpoUNG
005 - FECHA Y HORA DE LA ÚLTIMA TRANSACCIÓN
campo de control 20210131232828.0
008 - DATOS DE LONGITUD FIJA--INFORMACIÓN GENERAL
campo de control de longitud fija 191001s1999||||ag |||||||||||||||||spa d
020 ## - NÚMERO INTERNACIONAL ESTÁNDAR DEL LIBRO
Número Internacional Estándar del Libro 9504903851
Condiciones de disponibilidad $37.00
040 ## - FUENTE DE LA CATALOGACIÓN
Centro catalogador/agencia de origen AR-LpoUNG
Lengua de catalogación spa
Centro/agencia transcriptor AR-LpoUNG
Normas de descripción aacr
041 ## - CÓDIGO DE LENGUA
Código de lengua del texto/banda sonora o título independiente spa
044 ## - CÓDIGO DEL PAÍS DE LA ENTIDAD EDITORA/PRODUCTORA
Código MARC del país ag
082 0# - NÚMERO DE LA CLASIFICACIÓN DECIMAL DEWEY
Número de clasificación A863 136ley
100 1# - ENTRADA PRINCIPAL--NOMBRE DE PERSONA
Nombre de persona Nedich, Jorge Emilio
245 10 - MENCIÓN DE TÍTULO
Título Leyenda gitana
250 ## - MENCIÓN DE EDICIÓN
Mención de edición 1§ edición
260 ## - PUBLICACIÓN, DISTRIBUCIÓN, ETC.
Lugar de publicación, distribución, etc. Buenos Aires :
Nombre del editor, distribuidor, etc. Planeta,
Fecha de publicación, distribución, etc. 1999.
300 ## - DESCRIPCIÓN FÍSICA
Extensión 252 p. :
Otras características físicas tbls., gráfs.
520 ## - SUMARIO, ETC.
Sumario, etc. Un lector intruso irá en la carabana enterándose de todo. Cómo hacen las gitanas para leer la suerte; cómo se llevan a cabo los matrimonios entre niños; qué creencias dominan los encuentros sexuales; los hábitos de aseo y de alimentación; qué tiene de particular su concepción de los negocios; de lo que debe ser una familia y de la libertad.
653 ## - TÉRMINO DE INDIZACIÓN--NO CONTROLADO
Término no controlado LITERATURA ARGENTINA
653 ## - TÉRMINO DE INDIZACIÓN--NO CONTROLADO
Término no controlado MAES
905 ## - ELEMENTOS DE DATOS E LOCAL, LDE (RLIN)
a 18578
942 ## - ELEMENTOS DE PUNTO DE ACCESO ADICIONAL (KOHA)
Tipo de ítem Koha Libro
Existencias
Estado de retiro Estado de pérdida Estado dañado No para préstamo Código de colección Localización permanente Ubicación/localización actual Fecha de adquisición Total de préstamos Signatura topográfica completa Código de barras Fecha visto por última vez Precio válido a partir de Tipo de ítem Koha
        Colección General Biblioteca Universidad Nacional de General Sarmiento Biblioteca Universidad Nacional de General Sarmiento 31/01/2021   A863 136ley 00020517 31/01/2021 31/01/2021 Libro